Language Quiz

Random Language or French Quiz

French numbers Quiz Stats

 Plays Quiz not verified by Sporcle

Also try: Animals in Latin
Challenge
Share
Tweet
Embed
Score 0/30 Timer 10:00
0 Plays Today
English number French number % Correct
One???
100%
Two???
100%
Three???
100%
Four???
100%
Five???
100%
Nin???
86.4%
Ten???
86.4%
Eleven???
86.4%
Twelve???
86.4%
Seven???
81.8%
Eight???
81.8%
Thirteen???
81.8%
Fourteen???
81.8%
Fifteen???
81.8%
Nineteen???
81.8%
English number French number % Correct
Sixteen???
77.3%
Seventeen???
77.3%
Eighteen???
77.3%
Twenty???
77.3%
Twenty Two???
77.3%
Twenty Three???
77.3%
Twnety Four???
77.3%
Twenty Five???
77.3%
Thirty???
72.7%
Twenty Seven???
68.2%
Twenty Eight???
68.2%
Twenty Nine???
68.2%
Twenty One???
59.1%
Six???
18.2%
Twenty Six???
18.2%

You're not logged in!

Compare scores with friends on all Sporcle quizzes.
OR
Log In

You Might Also Like...

Show Comments

Extras

Created Feb 9, 2014ReportNominate
Tags:French Quiz, English

Top Quizzes Today


Score Distribution

Your Account Isn't Verified!

In order to create a playlist on Sporcle, you need to verify the email address you used during registration. Go to your Sporcle Settings to finish the process.

Report this User

Report this user for behavior that violates our Community Guidelines.

Details: